=LDR 00000nam 2200000 4500 =001 INLIS000000000809769 =008 ###################################ind## =035 ##$$a 0010-0825000262 =245 ##$$a Mari Belajar Aplikasi Geometri / $c Sulaiman S.Si =260 ##$$b Mediantara Semesta =020 ##$$a 9786028489706 =084 ##$$a 503 MAN m =520 ##$$a Soal-soal umum tentang analisis =082 ##$$a 503